Cấu trúc kiến tạo và địa động lực rìa lục địa miền trung Việt Nam

Nội dung sách giới thiệu đặc điểm địa hình - địa mạo rìa lục địa miền trung Việt Nam. Đặc điểm địa chất rìa lục địa Miền Trung. Cấu trúc địa chất rìa lục địa miền trung Việt Nam.

Guardat en:
Dades bibliogràfiques
Autor principal: Phùng, Văn Phách
Format: Llibre
Idioma:Undetermined
Publicat: Hà Nội Khoa học Tự nhiên và Công nghệ 2019
Matèries:
Etiquetes: Afegir etiqueta
Sense etiquetes, Sigues el primer a etiquetar aquest registre!
Thư viện lưu trữ: Trung tâm Học liệu Trường Đại học Cần Thơ
LEADER 01001nam a2200205Ia 4500
001 CTU_233424
008 210402s9999 xx 000 0 und d
082 |a 551.468 
082 |b Ph102 
100 |a Phùng, Văn Phách 
245 0 |a Cấu trúc kiến tạo và địa động lực rìa lục địa miền trung Việt Nam 
245 0 |c Phùng Văn Phách (Chủ biên) 
260 |a Hà Nội 
260 |b Khoa học Tự nhiên và Công nghệ 
260 |c 2019 
520 |a Nội dung sách giới thiệu đặc điểm địa hình - địa mạo rìa lục địa miền trung Việt Nam. Đặc điểm địa chất rìa lục địa Miền Trung. Cấu trúc địa chất rìa lục địa miền trung Việt Nam. 
650 |a Địa mạo học,Geomorphology 
650 |x Địa mạo dưới đại dương,Arctic Ocean 
910 |b dqhieu 
980 |a Trung tâm Học liệu Trường Đại học Cần Thơ